Condiciones que rigen en el mercado para la venta y financiamiento de vivienda en los sectores público y privado

Պահպանված է:
Մատենագիտական մանրամասներ
Համատեղ հեղինակ: Instituto Nacional de Vivienda y Urbanismo (Costa Rica)
Ձևաչափ: Տեքստ
Հրապարակվել է: San José: El Instituto
Ցուցիչներ: Ավելացրեք ցուցիչ
Չկան պիտակներ, Եղեք առաջինը, ով նշում է այս գրառումը!

MARC

LEADER 00000 a a2200000 04500
001 14413
003
040
090 |a 027200  
110 |a Instituto Nacional de Vivienda y Urbanismo (Costa Rica)  
245 |a Condiciones que rigen en el mercado para la venta y financiamiento de vivienda en los sectores público y privado  
260 |a San José:   |b El Instituto  
300 |a 16 p.  
999 |c 11993  |d 11993